Cahaya kebenaran
| Main Author: | |
|---|---|
| Format: | Book |
| Published: |
Singapura :
Pustaka Nasional ,
1988
|
| Subjects: |
MARC
| LEADER | 00000cam a2200000 7i4500 | ||
|---|---|---|---|
| 001 | 0000004905 | ||
| 002 | 000005290 | ||
| 005 | 20000330.0 | ||
| 020 | |a 9971772337 | ||
| 090 | 0 | 0 | |a 297.1225 |b HAS |
| 100 | 0 | |a Hasjmy |f Prof A | |
| 245 | 1 | 0 | |a Cahaya kebenaran |c Prof.A.Hasjmy |
| 260 | |a Singapura : |b Pustaka Nasional , |c 1988 | ||
| 300 | |a 151p. ; |c 22cm. | ||
| 650 | 0 | 0 | |a Quran |x Interpretation and critism |
| 999 | |a 034834 |b BUKU |c PINJAMAN |e PERPUSTAKAAN KOMUNITI PETALING JAYA | ||
| 999 | |a 034835 |b BUKU |c PINJAMAN |e PERPUSTAKAAN KOMUNITI PETALING JAYA | ||